01102ngm a2200265 a 450000500170000000800410001708200190005810000310007724500700010825000190017830000620019749000390025950001290029865000680042765000470049570000470054270000470058994200200063626400420065633600270069833700330072533800280075804000350078699900150082120220317001302.0160825s1985 ck g 000 0 spa 04a791.436bM14tm1 aAlí Triana, Jorged1942-10aTiempo de morircdirección Jorge Alí Trianahvideograbación a1a. edición  a1 videocasete en VHS (91 minutos)bsonido, color c20 cm  aLa maletappelículas colombianas aLa película pertenece a la colección La Maleta. Dirigida para un público adulto. Guión de Gabriel García Márquez142LEMBaPelículas cinematográficas colombianasvVideocasetes 142LEMB aVenganza en el cine vVideocasetes 1 aTriana Varón, Jorge Alíd1942- 9687301 aGarcía Márquez, Gabrield1928- 968731 2ddccVIDEOCASET aBogotábMinisterio de Culturac1985 atextobtxt2rdacontent asin mediaciónbn2rdamedia avolumenbnc2rdacarrier aCO-BoRNBPbspaerdacCO-BoRNBP c6492d6492